[Event "Olympiad-33"]
[Site "Elista"]
[Date "1998.10.07"]
[Round "9.1"]
[White "Beliavsky, Alexander G"]
[Black "Garcia, Gildardo"]
[Result "1-0"]
[WhiteElo "2645"]
[BlackElo "2510"]
[Annotator "Ribli,Z"]
[PlyCount "87"]
[EventDate "1998.09.29"]
[EventType "team-swiss"]
[EventRounds "13"]
[EventCountry "RUS"]
[SourceTitle "CBM 068"]
[Source "ChessBase"]
[SourceDate "1999.02.01"]
[SourceVersion "1"]
[SourceVersionDate "1999.02.01"]
[SourceQuality "1"]
[WhiteTeam "Slovenia"]
[BlackTeam "Colombia"]
[WhiteTeamCountry "SLO"]
[BlackTeamCountry "COL"]

1. Nf3 Nf6 2. c4 e6 3. Nc3 Bb4 4. Qc2 O-O 5. a3 Bxc3 6. Qxc3 {Weiß besitzt das
Läuferpaar, aber die schwarze Stellung weist keine Schwächen auf. Die weiße
Dame steht auf c3 nicht besonders, aber falls Weiß seine Entwicklung schnell
beenden kann, hat er bessere Aussichten. Ribli.} b6 7. e3 (7. b4 Bb7 (7... a5
8. Bb2 axb4 9. axb4 Rxa1+ 10. Bxa1 c5 11. e3 d6 (11... Qe7)) 8. Bb2 d6 9. e3 a5
(9... Nbd7 10. Be2 Qe7 11. O-O c5 12. d4 Ne4 (12... Rfd8 13. Rfd1 Rac8 14. Qb3
Be4 15. Nd2 Ba8 16. dxc5 dxc5 17. b5 Ne4 18. Nxe4 Bxe4 19. a4 f6 20. a5 Nf8 21.
f3 Bg6 22. Bc3 Rxd1+ 23. Rxd1 Rd8 24. Kf2 Rxd1 25. Qxd1 Qd7 26. Qxd7 Nxd7 27.
a6 Kf8 {1/2-1/2 Gurevich,M-Rozentalis,E/Belfort 1997/CBM 62 (46)}) 13. Qb3 Ndf6
14. Rad1 d5 15. dxc5 bxc5 16. b5 Rfd8 17. Ne5 Qc7 18. f3 Nd6 19. Rfe1 Nf5 20.
Bd3 Nh4 21. a4 Nd7 22. Nxd7 Rxd7 23. Qc2 Ng6 24. cxd5 exd5 25. Bf5 Rdd8 26. Bd4
$14 {1/2-1/2 Gritsak,O-Rozentalis,E/Koszalin 1998/CBM 65 ext (38)}) 10. Be2
axb4 11. axb4 Rxa1+ 12. Bxa1 Nbd7 13. O-O Qe7 14. Bb2 Ra8 15. d4 c5 16. Nd2 Qf8
17. f3 d5 18. dxc5 bxc5 19. b5 Nb6 20. Qc2 Nfd7 21. Bd3 h6 22. Ra1 Rxa1+ 23.
Bxa1 Qa8 24. Bb2 Na4 25. Bc1 Nab6 26. Qc3 f6 27. Be2 Qa4 28. Qb3 Qxb3 29. Nxb3
Nxc4 30. Bxc4 dxc4 31. Na5 Ba8 32. Nxc4 Bd5 33. Nd6 Kf8 34. e4 Bb3 35. Ba3 Ba4
{1/2-1/2 Kramnik,V-Anand,V/Frankfurt 1998/CBM 65 ext (44)}) 7... Bb7 8. b4 Ne4
$1 {[%csl Rc3,Ge4] Schwarz beginnt sofortige Aktionen. Mit der ewigen
Nebendrohung ...Ng5 erlangt er gute Gegenchancen.} (8... d6) 9. Qc2 a5 $5 10.
Bb2 (10. Rb1) (10. d3 Ng5 11. Nd2 e5 $15 (11... f5) (11... axb4 12. h4 $18))
10... axb4 11. axb4 Rxa1+ 12. Bxa1 Qe7 {[%csl Rb4][%cal Re7b4]} 13. b5 (13. Qb3
$2 Na6 $17 {[%csl Ga6,Rb4,Ge7]}) 13... f5 $6 {Eine natürliche Antwort, aber
die Alternative ...Ng5 wäre besser. Jetzt kann Weiß ruhig die Entwicklung
beenden.} (13... Ng5 $5 14. Be2 (14. Ng1 $5 $13 {[%csl Rg5][%cal Rh2h4]}) 14...
Nxf3+ 15. gxf3 $13) 14. Be2 d6 (14... Ng5 $5) 15. O-O Nd7 (15... Ng5 $5 16. Ne1
f4 $132) 16. Ne1 $14 Ra8 $6 {Das ist eine natürliche Reaktion, aber wegen der
Schwäche des Bauern f5 kann Schwarz in der Folge nicht ...e6-e5 spielen.} (
16... e5 17. d3 Nef6) 17. Bb2 Ng5 (17... e5 $2 18. f3 $16 {[%csl Rf5][%cal
Gc2f5]}) 18. f3 Nc5 19. d4 {Jetzt hat Weiß freie Hand im Zentrum und das
Läuferpaar. Die schwarzen Figuren haben keine gute Felder.} Na4 $6 (19... Nd7
20. Nd3 e5 21. Nb4 $16) 20. Bc1 $1 {[%csl Ra4,Gc1] Natürlich läßt sich Weiß
nicht seinen Läufer abtauschen, denn der schwarze Springer steht auf a4
schlecht.} e5 21. Nd3 e4 (21... exd4 22. exd4 Ne6 23. Be3 Nec5 {[%cal Re7e3]}
24. Bf2 $16 {[%csl Ra4]}) 22. Nf4 {[%csl Yd5]} exf3 (22... c6 $5 23. Bd2 {
[%cal Rf1a1,Ra1a8]} (23. bxc6 Bxc6)) 23. gxf3 {[%cal Rc2f5]} g6 24. Nd5 $5 $16
{[%csl Ra4] [#]Auf diese Weise sichert sich Weiß das Läuferpaar und Schwarz
bleibt ohne Gegenspiel.} (24. Bd2 $5 {Und Weiß droht 25.Ra1, aber der Bauer
auf f3 ist schwach.}) 24... Bxd5 (24... Qf7 25. e4 $16 {[%cal Gf1f7,Rc1g5]})
25. cxd5 f4 (25... Ra7) 26. e4 Ra7 {Schwarz bereitet Qe7-d8-a8 vor, deckt so
seinen Na4 und den Pc7.} 27. Kg2 (27. Bd2 Qf6 {[%cal Rf6d4,Rd4g1]} 28. Qc4 Nb2
$132) 27... Qf6 (27... Qd7 {[%cal Rd7h3]} 28. Bxf4 Qh3+ 29. Kg1 $16) 28. Qc4 {
[%csl Ra4][%cal Re2d1,Rd1a4] Schwarz ist wehrlos gegen 29.Bd1.} Nf7 29. Bd1 $5
{[%csl Ra4,Gd1][%cal Rd1a4]} Nc5 30. dxc5 bxc5 {Schwarz hat eine Figur weniger
und keine reellen Überlebenschancen.} 31. e5 $1 $18 {[%cal Rc4f4] Nach diesem
Zug alles ist klar. Sonst könnte der schwarze Springer auf e5 noch recht gut
blockieren, während jetzt Schwarz seinen f4-Bauern verliert.} Nxe5 (31... dxe5
32. d6 $40 {[%csl Rg8][%cal Gd1b3,Gb3g8]} cxd6 (32... Qxd6 33. Bb3 $18 {
[%cal Rb3g8,Rf1d1,Rd1d8]}) 33. Bb3 Kg7 34. b6 Rb7 35. Qa6 $18) 32. Qxf4 Ra2+ {
Das schwarze Figurenspiel ist natürlich nicht ausreichend.} 33. Kg3 Qe7 34. Re1
Qd7 35. Rxe5 $5 {So ist es am einfachsten. Weiß opfert die Qualität und sein
Läuferpaar entscheidet die Partie.} dxe5 36. Qxe5 {[%csl Gc1,Gd1,Rg8]} c4 (
36... Qxb5 37. Bh6 {[%csl Rg8][%cal Re5g7]} Qd7 38. d6 $18 {[%cal Rd1b3,Rb3g8,
Rb3a2]}) 37. Bf4 Ra5 (37... Qxb5 $2 38. Qe6+ $18 Kg7 (38... Kf8 39. Bh6#) 39.
Be5+ Kh6 40. Qh3+ Kg5 41. f4#) 38. Be2 {[%csl Rc4]} Rxb5 39. Bxc4 {[%csl Gc4,
Ge5,Gf4,Rg8]} Rb4 40. Qe4 {Es droht 41.d6 mit sofortigem Gewinn.} Qf7 41. Bd2
Ra4 42. Qc2 {[%csl Ra4][%cal Gc4g8]} Qd7 43. d6+ Kf8 44. Bh6+ {und Schwarz gab
auf.} (44. Bh6+ Ke8 45. Qe2+ Kd8 46. Bg5+ Kc8 47. Be6 $18) 1-0

[Event "Lisbon zt"]
[Site "Lisbon"]
[Date "1993.??.??"]
[Round "4"]
[White "Illescas Cordoba, Miguel"]
[Black "Damaso, Rui"]
[Result "1-0"]
[WhiteElo "2615"]
[BlackElo "2435"]
[Annotator "Ribli,Z"]
[PlyCount "78"]
[EventDate "1993.03.??"]
[EventType "tourn"]
[EventRounds "11"]
[EventCountry "POR"]
[EventCategory "7"]
[SourceTitle "CBM 035"]
[Source "ChessBase"]
[SourceDate "1993.08.01"]
[SourceVersion "1"]
[SourceVersionDate "1993.08.01"]
[SourceQuality "1"]

1. Nf3 Nf6 2. c4 e6 3. Nc3 Bb4 4. Qc2 c5 5. a3 Ba5 6. g3 Nc6 7. Bg2 d5 $6 (7...
O-O 8. O-O d5 9. d3 h6 10. Na4 b6 11. Bf4 Bd7 12. Nc3 $13 {Ehlvest,
J-Romanishin,O/Terrassa/1991/CBM24/}) 8. Na4 $1 b6 9. cxd5 Qxd5 (9... Nxd5 10.
b4 $18) 10. b4 Nd4 (10... cxb4 11. Nh4 Nd4 12. Qd3 $18) 11. Qb2 Nxe2 12. Nc3 $1
(12. bxa5 Nxc1 $1 13. Rxc1 Qe4+ 14. Kf1 Qxa4 $19) 12... Nxc3 13. dxc3 Ba6 14.
Be3 Rd8 15. bxa5 O-O 16. Rg1 $16 bxa5 17. c4 $1 Qf5 (17... Bxc4 18. Nd2 $18) (
17... Qxc4 18. Bf1 $18) 18. Qb1 Rd3 19. Nh4 Qe5 20. Qxd3 Qxa1+ 21. Qd1 Qxa3 22.
Qc1 $1 Qb3 23. Nf3 Ng4 $2 (23... a4 $5) 24. Bxc5 $1 Rc8 25. Nd2 Qd3 26. Be4 Qd7
27. Qa3 $18 Ne5 28. f4 Rd8 29. Be3 Ng4 30. h3 Nf6 31. Bf3 Bb7 32. Kf2 Bxf3 33.
Nxf3 Qc6 34. c5 Ne4+ 35. Kg2 Nd2 36. Bf2 e5 37. fxe5 Nc4 38. Qc3 Qe4 39. Re1
Qd5 1-0

[Event "RUS-ch"]
[Site "Krasnodar"]
[Date "2002.09.03"]
[Round "8"]
[White "Pridorozhni, Aleksei"]
[Black "Turov, Maxim"]
[Result "0-1"]
[WhiteElo "2453"]
[BlackElo "2518"]
[Annotator "Ribli,Z"]
[PlyCount "62"]
[EventDate "2002.08.27"]
[EventType "swiss"]
[EventRounds "9"]
[EventCountry "RUS"]
[SourceTitle "CBM 091"]
[Source "ChessBase"]
[SourceDate "2002.11.12"]
[SourceVersion "1"]
[SourceVersionDate "2002.11.12"]
[SourceQuality "1"]

1. Nf3 Nf6 2. c4 e6 3. Nc3 Bb4 4. Qc2 {Mit diesem Zug strebt Weiß ähnliche
Stellungsbilder wie in der 4.Qc2-Variante der Nimzoindischen Verteidigung an,
aber der Zug d2-d4 ist noch nicht gespielt. Dadurch hat Schwarz weniger
Gegenspiel, weil der e4-Punkt nicht geschwächt ist.} c5 5. a3 Bxc3 (5... Ba5)
6. Qxc3 O-O 7. g3 {Dieser Zug ist ein wenig schablonenhaft - stattdessen
sollte Weiß zuerst am Damenflügel aktiv spielen.} (7. b4 $5 {Mit dem
Läuferpaar muss Weiß die Stellung - wenn möglich - öffnen.} b6 8. Bb2) 7... b6
8. Bg2 Bb7 9. O-O d5 {Nach diesem Zug bekommt Schwarz eine bequeme Stellung:
Er hat Entwicklungs- und Raumvorteil, so dass das weiße Läuferpaar wenig
bewegen kann.} 10. cxd5 Nxd5 11. Qc2 Nc6 12. b3 (12. e3 Rc8 13. b3 Qe7 14. Bb2
Rfd8 15. Rfd1 h6 16. Rac1 Nf6 17. Qb1 Ba6 18. d3 Bb7 19. Bc3 Nd5 20. Ba1 e5 {
1/2-1/2 Rubinetti,J-Polugaevsky,L/Toluca 1982/IZT (41)}) (12. d3 Rc8 (12... Qd7
13. e3 e5 14. b3 Rfe8 15. Bb2 Rad8 16. Rfd1 f6 17. b4 cxb4 18. e4 Nc3 19. Bxc3
bxc3 20. Qxc3 Rc8 {1/2-1/2 Hansen,C-Danielsen,H/DEN 1991/EXT 2002 (36)}) 13.
Bd2 Qd7 14. Qa4 Rfd8 15. Qh4 Nde7 16. g4 Nd4 17. Nxd4 Bxg2 18. Kxg2 Ng6 19. Qg3
Qxd4 {0-1 Solonar,S-Lobron,E/Bad Zwesten 2000/EXT 2001 (30)}) 12... e5 {
Nach diesem einfachen Zug erhält Schwarz ein starkes Bauernzentrum und eine
feste Stellung ohne Schwächen.} (12... Rc8 13. Bb2 Qe7 14. e3 Rfd8 15. Rfe1 h6
16. Rad1 Nf6 17. d3 Nb8 18. Qb1 Nbd7 19. e4 e5 {1/2-1/2 Van der Sterren,
P-Dautov,R/Germany 1998/GER-chT (29)}) 13. e3 (13. Bb2 Re8 14. Rfd1 Rc8 15. e3
f6 16. Rac1 Qd7 17. d3 Red8 18. Qb1 Na5 19. Ba1 Qb5 20. Nd2 Ne7 {0-1 Tosic,
M-Palac,M/Belgrade 1988/TD (32)}) 13... Re8 14. d3 Rc8 15. Bb2 f6 16. Rfd1 {
Weiß hat eine sogenannte Igelstellung, was (als Verteidigung) oft mit Schwarz
gespielt wird. Schwarz hat zwar Raumvorteil, aber die weiße Stellung ist fest
und die scheinbaren weißen Schwächen - b3P, d3P - sind recht gut zu
verteidigen.} Kh8 17. Rac1 (17. Nd2 Rc7 (17... Nde7 $5) 18. Nc4 Bc8 19. d4 cxd4
20. exd4 e4 21. Bxe4 b5 22. Bxd5 Qxd5 23. Re1 Be6 24. Ne3 Qxb3 25. d5 {1-0
Panno,O-Sosonko,G/Wijk aan Zee 1978/MCD (58)}) 17... Qd7 $11 {Schwarz kann in
folgendem Red8 ziehen, um den d3 - Bauern angreifen. Die andere Idee des
Damenzugs besteht darin, den Bb7 zu verteidigen. Der Tausch der weißfeldrigen
Läufer wäre vorteilhaft für Schwarz, weil die weiße Königsstellung geschwächt
bliebe.} 18. Nd2 {[%cal Gd2e4,Gd2c4] Dieser Springerzug ist typisch in solchen
Stellungen, aber vielleicht wäre es besser gewesen, den Springer auf f3 zu
lassen, um den Vorstoß d3-d4 durchzusetzen.} (18. Qb1 Rcd8 $11 (18... Red8 19.
d4 $14) (18... Nde7 19. b4 (19. Nd2 $11) 19... cxb4 20. d4 $13)) 18... Nde7 19.
Ne4 Red8 20. f4 {Mit dem Läuferpaar strebt Weiß natürlich die Stellungsöffnung
an.} Qe6 (20... exf4 21. gxf4 $11 {[%csl Gb2][%cal Gb2h8]}) 21. fxe5 (21. Qc4
Nd5 22. Re1 Na5 23. Qc2 $11) 21... Nxe5 22. Ng5 $13 {[%mdl 2048]} Qd7 $6 (22...
fxg5 $5 23. Bxb7 Rc7 24. Be4 Nd5 $11 {[%csl Gd5,Ge5][%cal Gd5f6,Gd5e3] Weiß
hat das Läuferpaar, aber das schwarze Springerpaar kontrolliert die
wichtigsten Zentralfelder.} (24... g4 25. Bxe5 Qxe5 26. d4 Qg5 $13)) 23. Bxe5
$2 (23. d4 $1 {[%cal Rc2h7] Droht 24.Qxh7#.} fxg5 24. dxc5 $5 (24. dxe5 Qc7 25.
e4 Nc6 26. Bh3 Ra8 27. e6 $14) 24... Nd3 (24... Nd5 25. Bxe5 Rxc5 26. Qb2 Rxc1
27. Qxc1 $16 {[%csl Ge5,Gg2][%cal Gd1d8,Gg2b7]}) 25. Bxb7 (25. Rxd3 $2 Qxd3 26.
Qxd3 Rxd3 27. Bxb7 Rxc5 $19) 25... Qxb7 26. Rxd3 Rxd3 27. Qxd3 bxc5 28. Rxc5
Rxc5 29. Qd4 {[%cal Rb2g7,Rd4c5]} Ng8 30. Qxc5 Qxb3 31. Qd4 Nf6 32. e4 $16)
23... fxg5 24. e4 $6 {[%mdl 16384] Dieser Zug gefällt mir nicht - Weiß
schwächt ohne Not das Feld d4. Er hatte Angst vor dem Läufertausch, aber
später wird der schwarze weißfeldrige Läufer sehr stark.} (24. Bxb7 $5 Qxb7 25.
Rf1 $13) 24... Nc6 {[%csl Gc6,Yd4][%cal Gc6d4,Gc6e5]} 25. Ba1 Ba6 {[%csl Ga6,
Rd3][%cal Ra6d3]} 26. b4 $6 (26. Qf2 $5 Rf8 (26... Bxd3 $2 27. Bf1 $18) (26...
g4 27. b4 $13) 27. Qe3 Nd4 28. Bxd4 Qxd4 29. Qxd4 cxd4 $11) 26... Bxd3 27. Qf2
c4 (27... Qe7 28. bxc5 $36) 28. Rxc4 Bxc4 $1 29. Rxd7 Rxd7 {[%cal Rd7d1,Rd1g1]
In dieser Stellung sind die zwei aktiven Türme mehr wert als die Dame.} 30. Bf3
(30. Bh3 $2 Rd1+ 31. Kg2 Rxa1 32. Bxc8 Ra2 $19) 30... Rf8 {[%cal Gd7d1,Gf8f2]
Die schwarzen Türme sind sehr aktiv - jetzt droht 31...g4.} 31. Qe3 h6 $15 {
Schwarz hat ausgezeichnetes Figurenspiel und die weiße Königsstellung ist
geschwächt. Deshalb ist es nicht leicht für Weiß, einen aktiven Spielplan zu
finden. Trotzdem kommt die Aufgabe sehr früh.} (31... h6 32. Kg2 (32. Be2 Bxe2
33. Qxe2 Rfd8 $17 {[%csl Gd7,Gd8,Rg1][%cal Rd8d1]}) 32... Rd3 33. Qc1 Nd4 (
33... Rdxf3 34. Qxc4) 34. Bxd4 (34. Bg4 b5 $15) 34... Rxd4 $15 {[%csl Gc4,Gd4,
Gf8]}) 0-1

[Event "RUS-ch 56th"]
[Site "Krasnoyarsk"]
[Date "2003.09.08"]
[Round "5"]
[White "Iljin, Artem"]
[Black "Aseev, Konstantin N"]
[Result "1-0"]
[WhiteElo "2471"]
[BlackElo "2522"]
[Annotator "Ribli,Z"]
[PlyCount "57"]
[EventDate "2003.09.03"]
[EventType "swiss"]
[EventRounds "9"]
[EventCountry "RUS"]
[SourceTitle "CBM 098"]
[Source "ChessBase"]
[SourceDate "2004.02.03"]
[SourceVersion "1"]
[SourceVersionDate "2004.02.03"]
[SourceQuality "1"]

1. Nf3 Nf6 2. c4 e6 3. Nc3 Bb4 4. g4 {Dieser extrawaganter Zug führt zu
Komplikationen, aber vielleicht ist das die beste Möglichkeit für Weiß. Ich
muss anmerken, dass dieser Zug von Grossmeister Krasenkov und Zvjaginsev in
die Turnierpraxis eingeführt wurde.} d6 {Dieser Zug wird selten gespielt. Die
Hauptalternative ist 4...h6!?, aber 4...0-0 kommt auch in Betracht.} (4... h6
$5) 5. g5 (5. Qa4+ $6 Nc6 6. Nd4 Bd7) 5... Nfd7 (5... Bxc3 6. bxc3 Nfd7 7. d3
b6 8. Bg2 Bb7 9. Rg1 c5 10. Nd2 Bxg2 11. Rxg2 Nc6 12. Ne4 Nde5 13. Qa4 Qd7 14.
Bf4 d5 {1/2-1/2 Kehrel,E-Smikalla,R/Dortmund 2001/EXT 2002 (21)}) 6. Qc2 (6.
Ne4 $6 d5 7. Ng3 O-O 8. cxd5 exd5 9. a3 Bd6 10. d4 Re8 $11 11. Bg2 c6 12. O-O
Nf8 {0-1 Sherbakov,R-Ionov,S/Maikop 1998/CBM 66/[Ribli] (38)}) 6... Nc6 7. a3
Bxc3 8. Qxc3 e5 {Das ist die gewöhnliche Fortsetzung, aber die Alternative 8...
Nde5 kommt auch stark in Betracht.} (8... Nde5 9. Nxe5 (9. d4 Nxf3+ 10. exf3 e5
$14) 9... dxe5 10. Rg1 (10. d3 $5) 10... Qd4 11. e3 Qxc3 12. bxc3 Bd7 13. Rb1 {
1/2-1/2 Muse,D-Groszpeter,A/Split 2002/EXT 2003 (13)}) 9. b4 {[%cal Gc1b2,
Gb2h8,Gb4b5] Mit diesem Zug gewinnt Weiß Raum am Damenfügel und möchte seinen
dunkelfarbigen äaufer auf b2 entwickeln.} f6 {Schwarz verfolgt die gewöhnliche
Strategie - weil er schon seinen dunkelfarbigen Läufer abgeben hat, möchte er
eine starke dunkelfarbige Bauernkette aufbauen. Aber der profilaktische
Damenzug 9...Qe7 erscheint mir besser, weil Schwarz in diesem Fall nach b4-b5
Nd8 spielen kann, mit der Idee Ne6.} (9... Qe7 10. Bb2 Nb6 $5 11. b5 Nd8 12. a4
Bg4 13. Bg2 Rc8 $6 (13... a5 $5 14. Rg1 Be6 15. d3 h6 $13) 14. d4 $5 $14 {
0-1 Krasenkow,M-Bogdanovski,V/Elista 1998/CBM 66 ext/[Ribli] (28)}) (9... O-O
10. Bb2 f6 11. h4 Qe7 12. Bg2 Nb6 13. b5 Nd8 14. a4 Ne6 15. Rg1 Nf4 16. Bh1 Bf5
17. d3 Nd7 18. Kd2 Rae8 {0-1 Bratanov,Z-Mchedlishvili,M/Izmir 2002/CBM 90 ext 
(26)}) 10. b5 Ne7 11. d4 $1 {Natuerlich möchte Weiß - mit Läuferpaar - die
Stellung öffnen.} a6 $6 (11... Ng6 12. h4 $36) (11... e4 $5 12. Nd2 f5 13. f3
d5 $13) 12. gxf6 gxf6 13. Rg1 $36 {[%csl Gg1][%cal Gg1g8] Weiß kontrolliert
die einzige offene Linie und der schwarze König ist schlecht in der Mitte
positioniert.} axb5 14. cxb5 c6 $6 {Schwarz möchte den b5-Bauern tauschen und
den Damentausch mit 15...Qa5 vorbereiten.} (14... e4 15. Nd2 d5 (15... f5 16.
Nc4 $14) 16. a4 $14 {[%cal Gc1a3,Ga4f8]}) 15. Bd2 $1 {Weiß beschäftigt sich
nicht mit dem b5-Bauern, sondern verhindert die Möglichkeit 15...Qa5.} (15.
bxc6 Nxc6 (15... bxc6 16. e4 Qa5 17. Bd2 Qxc3 18. Bxc3 $14) 16. e4 Qa5 17. Bd2
Qxc3 18. Bxc3 $14) 15... Qb6 (15... cxb5 16. e4 $44) 16. e4 cxb5 17. Qb3 $44 {
[%csl Gb3,Rb5,Gd2,Re8,Gf1,Gg1][%cal Gb3g8,Gg1g8] Weiß hat mehr als eine
ausreichende Kompensation für den Bauern. Schwarz hat große
Entwicklungsprobleme und sein Koenig steht schlecht auf e8.} exd4 18. Bxb5 (18.
Rg7 $44) 18... Kd8 19. Rg7 {[%mdl 2048]} Nc6 $6 (19... Re8 $5 20. a4 (20. Rxh7
Nc5 21. Qb1 Nc6 $132) 20... Nc5 21. Qb1 Nc6 (21... Bd7 22. Nxd4 Nc6 23. Ne2 $36
) 22. Ng5 Bd7 $1 (22... fxg5 23. Bxg5+ $18) 23. Nf7+ (23. a5 Qc7 (23... Nxa5
24. Bxd7 Qxb1+ 25. Rxb1 Nxd7 26. Bxa5+ Rxa5 27. Rxb7 fxg5 28. Rgxd7+ Kc8 29.
Rdc7+ Kd8 30. Rxh7 Rxe4+ 31. Kd2 $11) 24. Nf7+ Kc8 $13) 23... Kc7 24. f3 f5 $13
) 20. Qd5 $16 (20. a4 $16) 20... Qc5 (20... Re8) 21. Rc1 Qxd5 22. exd5 {
Nach dem Damentausch kann Weiß seinen Angriff fortsetzen. Alle weißen Figuren
stehen sehr aktiv.} Nce5 (22... Ne7 23. Nxd4 Nb6 24. Rxc8+ $1 Kxc8 (24... Rxc8
25. Ne6#) 25. Rxe7 $18) 23. Nxd4 {[%csl Rd8,Ge6][%cal Rd4e6,Re6d8]} Nc5 24. Rc3
{[%cal Gc3g3,Gg3g8]} Ne4 (24... Bd7 25. f4 Bxb5 26. fxe5 Bd7 27. e6 $18) 25.
Rcc7 $18 {[%csl Gc7,Gg7][%mdl 128]} Nxd2 (25... Rxa3 26. Ne6+ Bxe6 27. dxe6 $18
) 26. Kxd2 Rxa3 27. Ne6+ Bxe6 28. dxe6 {Droht 29.e7+, mit sofortigem Gewinn
und Schwarzkann sich nicht verteidigen.} Nf3+ 29. Kc1 1-0

[Event "Dortmund"]
[Site "Dortmund"]
[Date "1993.??.??"]
[Round "6"]
[White "Lobron, Eric"]
[Black "Karpov, Anatoly"]
[Result "0-1"]
[WhiteElo "2620"]
[BlackElo "2725"]
[Annotator "Ribli,Z"]
[PlyCount "120"]
[EventDate "1993.04.??"]
[EventType "tourn"]
[EventRounds "7"]
[EventCountry "GER"]
[EventCategory "16"]
[SourceTitle "CBM 035"]
[Source "ChessBase"]
[SourceDate "1993.08.01"]
[SourceVersion "1"]
[SourceVersionDate "1993.08.01"]
[SourceQuality "1"]

1. Nf3 Nf6 2. c4 e6 3. Nc3 Bb4 4. g3 b6 (4... O-O $5 5. Bg2 d5 $13) 5. Bg2 Bb7
6. O-O O-O 7. Qc2 Qe7 $5 (7... Re8 $6 $14 {Timman,J-Karpov,An/Linares/1993/
CBM34/}) 8. b3 (8. d3 $5 Bxc3 9. bxc3 c5 10. e4 d6 11. Nh4 Nc6 12. f4 $36) 8...
Bxc3 $5 9. Qxc3 c5 10. Bb2 d5 $1 11. cxd5 Bxd5 12. d3 (12. d4 Nbd7 $13) 12...
Rd8 13. Rfc1 Na6 $1 14. a3 Bb7 15. Rab1 Rac8 16. Qe1 $6 (16. Qd2 $5) 16... Ne8
17. Rc2 Nec7 18. Rbc1 Nb5 19. Qf1 Bd5 20. Nd2 Rc7 21. Bxd5 exd5 $15 22. e3 d4
23. exd4 Nxd4 24. Bxd4 cxd4 (24... Rxd4 $2 25. Nf3 Rd8 26. d4 $14) 25. Rxc7
Nxc7 26. Nf3 h6 $15 27. Qh3 Ne6 28. b4 a5 $1 29. Qf5 (29. bxa5 Qxa3 30. Rc6
Qxd3 $17) 29... axb4 30. axb4 Qxb4 31. Ne5 Qe7 32. Nc6 Qc7 $17 33. Rc4 Rd6 34.
Qe4 (34. Qb5 Qb7 $17) 34... b5 $1 35. Rc2 Qb7 36. Nb4 Qxe4 37. dxe4 d3 38. Rd2
Nc5 39. f3 Rd4 40. Nd5 b4 41. Kf2 g5 42. Ke3 Rc4 43. Rxd3 Nxd3 44. Kxd3 Rc1 45.
Nxb4 Rh1 $19 46. h4 gxh4 47. gxh4 Rxh4 48. Nd5 Rh2 49. Ke3 Rg2 50. Ne7+ Kh7 51.
e5 Ra2 52. f4 Ra7 53. Nf5 Ra6 54. Nd4 Ra3+ 55. Ke4 Ra4 56. f5 Kg7 57. Ke3 h5
58. Nf3 h4 59. Kf2 Rf4 60. f6+ Kg6 0-1

[Event "Moscow5"]
[Site "Moscow"]
[Date "1995.??.??"]
[Round "7"]
[White "Nesterov, Yakov"]
[Black "Kiselev, Sergey"]
[Result "0-1"]
[WhiteElo "2470"]
[BlackElo "2505"]
[Annotator "Ribli,Z"]
[PlyCount "77"]
[EventDate "1995.??.??"]
[EventType "tourn"]
[EventRounds "11"]
[EventCountry "RUS"]
[EventCategory "10"]
[SourceTitle "CBM 049"]
[Source "ChessBase"]
[SourceDate "1995.12.01"]
[SourceVersion "1"]
[SourceVersionDate "1995.12.01"]
[SourceQuality "1"]

1. Nf3 Nf6 2. c4 e6 3. Nc3 Bb4 4. Qb3 a5 $5 {Das ist offenbar eine Neuerung.}
5. a3 (5. g3 $5) 5... Bxc3 6. Qxc3 a4 $5 7. d3 (7. g3 $5) 7... d6 8. c5 (8. e4
c5 {Nebst Nc6.}) 8... O-O 9. Bg5 Nbd7 10. cxd6 (10. c6 bxc6 11. Qxc6 (11. Nd4
$2 c5 12. Nc6 Qe8 $19) 11... Ra6 12. Qc2 h6 13. Bxf6 Nxf6 $13) 10... cxd6 11.
Rc1 h6 12. Bxf6 (12. Bh4 Qb6 $13) 12... Nxf6 13. Qc7 Ra6 $1 14. Qxd8 Rxd8 15.
e3 Rb6 $1 {Schwarz hat die Eroeffnung zufriedenstellend geloest. Der
Anziehende hat eini- ge Probleme mit seinem b2-Bauern.} 16. Rc2 e5 17. Be2 Be6
18. Kd2 Bb3 19. Rc3 (19. Rcc1 $5) 19... Nd5 20. Rcc1 f5 {Schwarz uebernimmt
die Initiative, seine allen Figuren stehen sehr aktiv, weil Weiss nur eine
abwartende Stellung einnehmen kann.} 21. g3 Nf6 22. Rhf1 Kf8 23. h3 g5 24. Rc7
Nd5 25. Rcc1 Kf7 26. h4 g4 27. Nh2 Nf6 28. f3 $6 {In einer etwas unbequemen
Stellung verliert Weiss die Geduld und strebt eine gewaltsame Loesung an, die
weitere Schwaeche in seiner Stellung gibt.} (28. Rc7+ Rd7 29. Rfc1 Be6 $15)
28... gxf3 29. Bxf3 Be6 30. Rc7+ Rd7 31. Rxd7+ (31. Rc2 $5) 31... Bxd7 32. Kc2
{Droht g4.} Kg6 33. Bd1 Rb3 34. Re1 Bb5 35. Kc1 $2 {Weiss opfert einen Bauer.}
(35. Be2 Nd7 $1 $17) 35... Rxd3 36. Bc2 Rd5 37. e4 fxe4 38. Rxe4 Kg7 $2 (38...
Bd3 $1 39. Bxd3 (39. Rxa4 Rc5 $19) 39... Rxd3 40. Rxa4 Rxg3 $19) 39. Rb4 $138 {
Zeit! Ribli} (39. Rb4 h5 40. Bxa4 Bxa4 41. Rxa4 Rd3 $17) 0-1